000 00404nam a2200169Ia 4500
008 230524s9999 xx 000 0 und d
020 _a8120322401
082 _a381.142
_bHUN
100 _aShelby D.Hunt
245 0 _aFoundations of Marketing Theory
250 _aIST
260 _aNEW DELHI
_bPHI
_c2003
300 _aXI;309
500 _aQuantity Number: 3
650 _aManagement
942 _cBK
999 _c42306
_d42306